An introduction to error analysis 2nd ed (Record no. 826565)

MARC details
000 -LEADER
fixed length control field 00633nam a2200229Ia 4500
008 - FIXED-LENGTH DATA ELEMENTS--GENERAL INFORMATION
fixed length control field 101110s9999 xx 000 0 und d
041 ## - LANGUAGE CODE
Language code of text/sound track or separate title ENGLISH
082 ## - DEWEY DECIMAL CLASSIFICATION NUMBER
Item number SR34064
100 ## - MAIN ENTRY--PERSONAL NAME
Personal name TaylorJohn R.
245 ## - TITLE STATEMENT
Title An introduction to error analysis 2nd ed
260 ## - PUBLICATION, DISTRIBUTION, ETC. (IMPRINT)
Date of publication, distribution, etc 1987
Name of publisher, distributor, etc University Sc.Books, California
300 ## - PHYSICAL DESCRIPTION
Extent 327
365 ## - TRADE PRICE
Price amount 2221
520 ## - SUMMARY, ETC.
Summary, etc Mathematics
520 ## - SUMMARY, ETC.
Summary, etc UGC XIth Five Year Plan 2009-2010
546 ## - LANGUAGE NOTE
Language note ENGLISH
630 ## - SUBJECT ADDED ENTRY--UNIFORM TITLE
Uniform title An introduction to error analysis 2nd ed
650 ## - SUBJECT ADDED ENTRY--TOPICAL TERM
Topical term or geographic name as entry element Mathematics
655 ## - INDEX TERM--GENRE/FORM
Genre/form data or focus term Mathematics
730 ## - ADDED ENTRY--UNIFORM TITLE
Uniform title An introduction to error analysis 2nd ed
942 ## - ADDED ENTRY ELEMENTS (KOHA)
Koha item type Book
Holdings
Withdrawn status Lost status Damaged status Not for loan Home library Current library Shelving location Date acquired Source of acquisition Cost, normal purchase price Shelving control number Total Checkouts Barcode Date last seen Price effective from Koha item type
        D. B. J. College, Chiplun D. B. J. College, Chiplun     Shri Ganesh book depo, chiplun, bill no. 749, dt.28/3/10 2221.00     DBJSR34064 11/11/2010 11/11/2010 Book